|
|
|
|
| LEADER |
00000naa2a2200000 4500 |
| 001 |
426453 |
| 005 |
20231101074524.0 |
| 035 |
|
|
|a (RuTPU)RU\TPU\prd\85198
|
| 035 |
|
|
|a RU\TPU\prd\48855
|
| 090 |
|
|
|a 426453
|
| 100 |
|
|
|a 20100705a2006 k y0rusy50 ca
|
| 101 |
0 |
|
|a rus
|
| 102 |
|
|
|a RU
|
| 200 |
1 |
|
|a Гидродинамические характеристики экспериментальной модели мишени жидкометаллического мишенного комплекса МК-1
|f А. А. Боронин [и др.]
|
| 225 |
1 |
|
|a Статьи
|
| 320 |
|
|
|a Библиогр.: 6 назв.
|
| 461 |
|
0 |
|0 (RuTPU)RU\TPU\prd\33
|x 0004-7163
|t Атомная энергия
|o теоретический и научно-технический журнал
|f Российская академия наук ; Министерство РФ по атомной энергии, ядерного общества
|d 1956-
|
| 463 |
|
0 |
|0 (RuTPU)RU\TPU\prd\85194
|t Т. 101, вып. 3
|v с. 189-197
|d 2006
|
| 610 |
1 |
|
|a гидродинамика
|
| 610 |
1 |
|
|a потоки воздуха
|
| 610 |
1 |
|
|a экспериментальные исследования
|
| 610 |
1 |
|
|a жидкометаллические свинцово-висмутовые мишени
|
| 610 |
1 |
|
|a комплекс МК-1
|
| 610 |
1 |
|
|a натурные мишени
|
| 610 |
1 |
|
|a теплоносители
|
| 610 |
1 |
|
|a числа Рейнольдса
|
| 610 |
1 |
|
|a гидравлические характеристики
|
| 675 |
|
|
|a 621.039.534
|v 3
|
| 701 |
|
1 |
|a Боронин
|b А. А.
|
| 701 |
|
1 |
|a Ефанов
|b А. Д.
|
| 701 |
|
1 |
|a Левченко
|b Ю. Д.
|
| 701 |
|
1 |
|a Орлов
|b Ю. И.
|
| 701 |
|
1 |
|a Федотовский
|b В. С.
|
| 801 |
|
1 |
|a RU
|b 63413507
|c 20070126
|g PSBO
|
| 801 |
|
2 |
|a RU
|b 63413507
|c 20100706
|g RCR
|
| 942 |
|
|
|c BK
|